Southville International School and Colleges

My Brilliant Career (Record no. 240875)

000 -LEADER
fixed length control field 00738cam a22002653a 4500
001 - CONTROL NUMBER
control field 11620
003 - CONTROL NUMBER IDENTIFIER
control field PGUSA
005 - DATE AND TIME OF LATEST TRANSACTION
control field 20140828083239.0
008 - FIXED-LENGTH DATA ELEMENTS--GENERAL INFORMATION
fixed length control field 040301s2004||||xxu|||||s|||||000 1 eng d
040 ## - CATALOGING SOURCE
Original cataloging agency PGUSA
Language of cataloging eng
042 ## - AUTHENTICATION CODE
Authentication code dc
050 #4 - LIBRARY OF CONGRESS CALL NUMBER
Classification number PR
100 1# - MAIN ENTRY--PERSONAL NAME
Personal name Franklin, Miles,
Dates associated with a name 1879-1954
245 10 - TITLE STATEMENT
Title My Brilliant Career
Medium [electronic resource] /
Statement of responsibility, etc Miles Franklin
260 ## - PUBLICATION, DISTRIBUTION, ETC. (IMPRINT)
Name of publisher, distributor, etc Project Gutenberg,
Date of publication, distribution, etc 2004
506 ## - RESTRICTIONS ON ACCESS NOTE
Terms governing access Public domain in the USA.
516 ## - TYPE OF COMPUTER FILE OR DATA NOTE
Type of computer file or data note Electronic text
653 ## - INDEX TERM--UNCONTROLLED
Uncontrolled term Australia -- Fiction
653 ## - INDEX TERM--UNCONTROLLED
Uncontrolled term Autobiographical fiction
653 ## - INDEX TERM--UNCONTROLLED
Uncontrolled term Bildungsromans
653 ## - INDEX TERM--UNCONTROLLED
Uncontrolled term Young women -- Fiction
830 #0 - SERIES ADDED ENTRY--UNIFORM TITLE
Uniform title Project Gutenberg
Volume number/sequential designation 11620
856 40 - ELECTRONIC LOCATION AND ACCESS
Uniform Resource Identifier http://www.gutenberg.org/ebooks/11620
942 ## - ADDED ENTRY ELEMENTS (KOHA)
Koha item type eBooks
Holdings
Koha item type Date acquired Withdrawn status Damaged status Current Location Permanent Location Date last seen Lost status Price effective from
eBooks2014-08-28  Project GutenbergProject Gutenberg2014-08-28 2014-08-28
Powered by Koha